000 00687cam a2200253 4500
008 090401t1998 xxu||||| |||| 00| 0 eng d
020 _a1860811973
035 _a(Sirsi) u85165
041 _aeng
050 _a697.92
110 _aBuilding Research Establishment
245 _aNight ventilation for cooling office buildings.
260 _aLondon
_bConstruction Research Communications Ltd
_c1998
300 _a8p. : ill. ; 30cm.
350 _a0
490 _aBRE Information Paper
_vIP 4/98
650 _aCOOLING
650 _aOFFICES
650 _aVENTILATION
690 _aBlock management
_96220
700 _aKolokotroni, Maria
942 _n0
948 _c25/03/1998
999 _c97013
_d97013